=LDR 00000nam 2200000 4500 =001 INLIS000000000026584 =005 20200826075553 =035 ##$$a 0010-061300000026584 =008 200826################g##########0#ind## =041 ##$$a Ind =082 ##$$a 2x5.4 =090 ##$$a 2X5.4, jaw a =100 ##$$a Jawas, Yasid bin Abdul Qadir =245 1#$$a Adab dan sebab terkabulnya do'a : $b Menurut al'quran dan as-sunnah yang shalih /$c Yasid bin Abdul Qadir Jawas =260 ##$$a Bogor :$b Pustaka Imam Asy- Syafi,i,$c 2005 =300 ##$$a xvii, 45 hlm, ; $c 18 x 10 cm. =650 #4$$a Do'a dan Wirid =850 ##$$a NBPNMAT =020 ##$$a 979-3536-31-4 =084 ##$$a 2x5.4 JAW a =990 ##$$a 20704840